[Event "ACT-ch U18"]
[Site "Canberra"]
[Date "1992.12.12"]
[Round "2.3"]
[White "Reardon, Sean"]
[Black "Terei, Owen"]
[Result "0-1"]
[WhiteElo "1354"]
[BlackElo "1283"]
[PlyCount "66"]
[EventDate "1992.12.12"]
[EventType "swiss"]
[EventRounds "6"]
[EventCountry "AUS"]
[SourceTitle "EXT 2006"]
[Source "ChessBase"]
[SourceDate "2005.11.24"]
[SourceVersion "1"]
[SourceVersionDate "2005.11.24"]
[SourceQuality "1"]

1. e4 c6 2. d4 d5 3. Nc3 dxe4 4. Nxe4 Nf6 5. Nxf6+ exf6 6. Nf3 Be7 7. c3 0-0 8. Bd3 Bg4 9. 0-0 Nd7 10. h3 Bh5 11. Re1 Re8 12. Bc2 Nb6 13. Bf4 Nd5 14. Be3 Bd6 15. Qe2 Bf4 16. Qd2 Qc7 17. g4 Bg6 18. Bxg6 fxg6 19. c4 Bxe3 20. fxe3 Nb6 21. Qc3 Qg3+ 22. Kh1 Qxf3+ 23. Kg1 Qxh3 24. c5 Nd5 25. Qb3 Rxe3 26. Rxe3 Qxe3+ 27. Qxe3 Nxe3 28. Re1 Nxg4 29. Re7 Rb8 30. Kg2 Kf8 31. Re4 Nh6 32. Kg3 Nf5+ 33. Kf4 Re8 0-1